[Event "50th Rilton Cup 2022-23"]
[Site "Stockholm SWE"]
[Date "2023.01.04"]
[Round "8.7"]
[White "Moksh, Amit Doshi"]
[Black "Sasikiran, Krishnan"]
[Result "1-0"]
[WhiteTitle "IM"]
[BlackTitle "GM"]
[WhiteElo "2414"]
[BlackElo "2635"]
[WhiteFideId "25064967"]
[BlackFideId "5004985"]
[EventDate "2022.12.27"]

1. d4 e6 2. Nf3 f5 3. g3 Nf6 4. Bg2 d5 5. O-O Bd6 6. c4 c6 7. Nc3 O-O 8. Qc2 Qe7
9. Bg5 h6 10. Bf4 Bxf4 11. gxf4 Bd7 12. Ne5 Be8 13. e3 Nbd7 14. Ne2 g6 15. b4
Nxe5 16. fxe5 Nh5 17. cxd5 exd5 18. Qc5 Qd8 19. f4 Ng7 20. Qa5 Qe7 21. Qc5 Qd7
22. b5 Ne6 23. bxc6 bxc6 24. Qc2 Rc8 25. Rab1 Kg7 26. Rb3 Rc7 27. Rb8 Qe7 28.
Qb2 Bf7 29. Rxf8 Qxf8 30. Nc1 c5 31. Bxd5 cxd4 32. exd4 Qd8 33. Bxe6 Bxe6 34.
Nb3 Rb7 35. Nc5 Rb6 36. Nxe6+ Rxe6 37. Rc1 Rb6 38. Qc3 Rb7 39. Qc4 Rd7 40. Rd1
Qh4 41. Qf1 Qg4+ 42. Kh1 Rb7 43. Rd2 Rb4 44. Rg2 Qh4 45. Qg1 g5 46. Qc1 Rxd4 47.
fxg5 Rc4 48. gxh6+ Kh7 49. Qg1 Kxh6 50. Qe3+ Qf4 51. Qh3+ Qh4 52. Qxh4+ Rxh4 53.
Re2 Kg7 54. e6 Kf8 55. e7+ Ke8 56. Kg2 a5 57. h3 f4 58. Kh2 Rh5 59. Re4 Rc5 60.
a4 Rc2+ 61. Kg1 f3 62. h4 Rg2+ 63. Kf1 Rb2 64. h5 Rh2 65. Re5 Rh4 66. Rxa5 Kxe7
67. Kf2 Rf4 68. Ra6 Kf7 69. h6 Kg8 70. Ra7 Rf6 71. h7+ Kh8 72. a5 Rf5 73. a6 Ra5
74. Ra8+ Kxh7 75. Kxf3 Kg7 76. Ke4 Kf7 77. Kd4 Ra1 78. Kc5 Rc1+ 79. Kb6 Rb1+ 80.
Ka7 Ke7 81. Rb8 Ra1 82. Rb6 Kd7 83. Kb7 Rc1 84. a7 1-0

[Event "50th Rilton Cup 2022-23"]
[Site "Stockholm SWE"]
[Date "2023.01.04"]
[Round "8.8"]
[White "Smirin, Ilia"]
[Black "Souleidis, Georgios"]
[Result "0-1"]
[WhiteTitle "GM"]
[BlackTitle "IM"]
[WhiteElo "2596"]
[BlackElo "2410"]
[WhiteFideId "2801990"]
[BlackFideId "4206827"]
[EventDate "2022.12.27"]

1. e4 c5 2. Nf3 d6 3. d4 cxd4 4. Nxd4 Nf6 5. Nc3 Nc6 6. Bg5 g6 7. Nb3 Bg7 8. Be2
O-O 9. O-O Be6 10. Kh1 h6 11. Bh4 g5 12. Bg3 d5 13. Nc5 dxe4 14. Nxe6 Qxd1 15.
Raxd1 fxe6 16. Bc4 Kf7 17. f4 exf3 18. Rxf3 Rfd8 19. Re1 Nd4 20. Rf2 Rac8 21. b3
a6 22. a4 Ke8 23. h3 Rc5 24. a5 Nh5 25. Bh2 Nf4 26. Ne4 Rxa5 27. c3 b5 28. Bf1
Nxb3 29. Bxf4 gxf4 30. Rxf4 Ra1 31. Rxa1 Nxa1 32. Be2 Rd5 33. c4 bxc4 34. Bxc4
Rd1+ 35. Rf1 Rd4 36. Rxa1 Rxc4 37. Re1 a5 38. Nf2 a4 39. Nd3 a3 0-1

[Event "50th Rilton Cup 2022-23"]
[Site "Stockholm SWE"]
[Date "2023.01.04"]
[Round "8.9"]
[White "Petursson, Margeir"]
[Black "Livaic, Leon"]
[Result "1/2-1/2"]
[WhiteTitle "GM"]
[BlackTitle "GM"]
[WhiteElo "2437"]
[BlackElo "2572"]
[WhiteFideId "2300028"]
[BlackFideId "14531534"]
[EventDate "2022.12.27"]

1. d4 Nf6 2. c4 g6 3. Nc3 Bg7 4. e4 d6 5. Be2 O-O 6. Bg5 Na6 7. Qd2 Qe8 8. Bd3
Nd7 9. Nge2 e5 10. d5 Ndc5 11. Bc2 f5 12. f3 fxe4 13. Nxe4 Nxe4 14. Bxe4 Nc5 15.
Nc3 a6 16. Be3 Nxe4 17. Nxe4 Bf5 18. O-O b6 19. b4 Qa4 20. Rfc1 h5 21. Rab1 Rf7
22. Qc2 Qxc2 23. Rxc2 a5 24. c5 axb4 25. cxb6 cxb6 26. Rxb4 Rfa7 27. Rxb6 Bxe4
28. fxe4 Bf8 29. Bg5 Rxa2 30. Rxa2 Rxa2 31. Rb8 Kf7 32. Rb7+ Kg8 33. Rb8 1/2-1/2

[Event "50th Rilton Cup 2022-23"]
[Site "Stockholm SWE"]
[Date "2023.01.04"]
[Round "8.10"]
[White "Lopez Mulet, Inigo"]
[Black "Krasenkow, Michal"]
[Result "1/2-1/2"]
[WhiteTitle "IM"]
[BlackTitle "GM"]
[WhiteElo "2389"]
[BlackElo "2541"]
[WhiteFideId "22235620"]
[BlackFideId "1113100"]
[EventDate "2022.12.27"]

1. d4 d6 2. c4 e5 3. d5 f5 4. e4 Nf6 5. exf5 Bxf5 6. Nc3 Be7 7. Nge2 O-O 8. Ng3
Bd7 9. Bd3 Na6 10. f3 c6 11. Nge4 cxd5 12. Nxf6+ gxf6 13. Nxd5 f5 14. Bh6 Rf7
15. f4 Be6 16. Be2 Qa5+ 17. Qd2 Qxd2+ 18. Kxd2 Bxd5 19. cxd5 Nc5 20. g4 exf4 21.
Rhg1 Bf6 22. gxf5+ Kh8 23. Bh5 Re7 24. Bxf4 Ne4+ 25. Kd3 Nf2+ 26. Kc2 Nh3 27.
Rgf1 Rc8+ 28. Kd3 Nxf4+ 29. Rxf4 Bxb2 30. Rb1 Be5 31. Rc4 Rxc4 32. Kxc4 Kg7 33.
h3 Kf6 34. Kd3 Rc7 35. Rb3 Kxf5 36. Bg4+ Kg5 37. a4 b6 38. Rb4 Rc3+ 39. Ke2 h5
40. Bd7 Bg3 41. Kd2 Ra3 42. Rc4 Bf2 43. Ke2 Ra2+ 44. Kd3 Be1 45. Ke3 Kf6 46. Re4
Ra3+ 47. Ke2 Bg3 48. Re6+ Kg5 49. Re4 Rb3 50. Kd2 Be5 51. Kc2 Rc3+ 52. Kd2 Rc5
53. Be6 a6 54. Kd3 b5 55. axb5 Rxb5 56. Ra4 a5 57. Kc4 Rc5+ 58. Kb3 Rc3+ 59. Ka2
Rc1 60. Kb3 Bf6 61. Rxa5 Kf4 62. Ra2 Ke3 63. Kb4 Rb1+ 64. Kc4 Bd4 65. Ra3+ Ke4
66. Rb3 Rc1+ 67. Kb5 h4 68. Ka6 Rc7 69. Rb7 Rc3 70. Rb1 Kf3 71. Kb7 Kg2 72. Rb4
Bf2 73. Rb2 Kg3 74. Ra2 Bc5 75. Kc6 Kf4 76. Ra4+ Ke5 77. Kd7 Bf2 78. Ra6 Bc5 79.
Ra2 Rb3 80. Re2+ Kf6 81. Bg4 Rb7+ 1/2-1/2

[Event "50th Rilton Cup 2022-23"]
[Site "Stockholm SWE"]
[Date "2023.01.04"]
[Round "8.11"]
[White "Hillarp Persson, Tiger"]
[Black "Willow, Jonah B"]
[Result "1/2-1/2"]
[WhiteTitle "GM"]
[BlackTitle "IM"]
[WhiteElo "2523"]
[BlackElo "2409"]
[WhiteFideId "1700812"]
[BlackFideId "438804"]
[EventDate "2022.12.27"]

1. Nf3 d5 2. g3 g6 3. Bg2 Bg7 4. d4 c6 5. a4 a5 6. O-O Nf6 7. c4 O-O 8. Qb3 dxc4
9. Qxc4 Na6 10. Nc3 Nb4 11. e4 b6 12. Rd1 Be6 13. Qf1 Bb3 14. Rd2 Bh6 15. Re2
Bg7 16. Rd2 Bh6 17. Re2 Bg7 18. Rd2 1/2-1/2

[Event "50th Rilton Cup 2022-23"]
[Site "Stockholm SWE"]
[Date "2023.01.04"]
[Round "8.12"]
[White "Thybo, Jesper Sondergaard"]
[Black "Peyrer, Konstantin"]
[Result "1-0"]
[WhiteTitle "GM"]
[BlackTitle "FM"]
[WhiteElo "2515"]
[BlackElo "2380"]
[WhiteFideId "1438832"]
[BlackFideId "1640879"]
[EventDate "2022.12.27"]

1. Nf3 Nf6 2. g3 g6 3. Bg2 Bg7 4. c4 O-O 5. Nc3 d6 6. d4 Nc6 7. O-O e5 8. dxe5
dxe5 9. Qxd8 Rxd8 10. Bg5 Be6 11. Nd2 Nd4 12. Kh1 h6 13. Bxf6 Bxf6 14. e3 Nc6
15. Nde4 Be7 16. Nd5 Bxd5 17. cxd5 Nb4 18. Nc3 f5 19. e4 Nc2 20. Rad1 Nd4 21.
exf5 gxf5 22. f4 Bf6 23. g4 fxg4 24. Ne4 Bg7 25. fxe5 Bxe5 26. Nf6+ Kh8 27. Nxg4
Bg7 28. Nxh6 Bxh6 29. Rxd4 Rf8 30. Rh4 Rxf1+ 31. Bxf1 Kg7 32. Rc4 c6 33. dxc6
bxc6 34. Rxc6 Bf4 35. Ra6 Be3 36. Ra3 Re8 37. b4 Kf6 38. Kg2 Bb6 39. Rf3+ Ke5
40. h4 Rd8 41. a3 Rd4 42. Kg3 Bd8 43. h5 Bh4+ 44. Kg2 Bg5 45. Rf8 Bc1 46. Rh8
Bxa3 47. h6 Rxb4 48. h7 Bb2 49. Rd8 Kf4 50. Rf8+ Ke4 51. h8=Q Bxh8 52. Rxh8 a5
53. Kf2 Kd4 54. Rh3 Rb2+ 55. Be2 Ra2 56. Rd3+ Kc5 57. Ke3 a4 58. Rc3+ Kb4 59.
Rc4+ Kb3 60. Rc8 Kb4 61. Bd3 Rh2 62. Kd4 Rh4+ 63. Be4 a3 64. Rb8+ Ka4 65. Kd3 a2
66. Ra8+ Kb3 67. Bd5+ Kb4 68. Rxa2 Kc5 69. Bf3 Rd4+ 70. Ke3 Rd8 71. Be4 Rd1 72.
Rc2+ Kd6 73. Kf4 Rf1+ 74. Bf3 Kd7 75. Rc3 Kd6 76. Rc6+ Kd7 77. Rh6 Kc7 78. Ke4
Rf2 79. Ke3 Rf1 80. Bd5 Re1+ 81. Kd4 Rd1+ 82. Kc5 Rc1+ 83. Bc4 Kc8 84. Rh7 Rc2
85. Kd5 Kb8 86. Bb5 Rc7 87. Rh1 Rg7 88. Kc6 Rf7 89. Rh8+ Ka7 90. Bc4 Rc7+ 91.
Kb5 Rb7+ 92. Ka5 Rb1 93. Bd3 Rb2 94. Re8 Rb7 95. Bb5 Rc7 96. Re6 Rg7 97. Bc6
Rg5+ 98. Kb4 Rg1 99. Be4 Rg5 100. Re7+ Kb6 101. Rb7+ Ka6 102. Kc4 Rg4 103. Re7
Kb6 104. Kd4 Rg5 105. Rb7+ Ka5 106. Bd5 Ka6 107. Rb1 Ka7 108. Kc5 Rg6 109. Rb7+
Ka6 110. Rb8 Rg7 111. Rb2 1-0

[Event "50th Rilton Cup 2022-23"]
[Site "Stockholm SWE"]
[Date "2023.01.04"]
[Round "8.13"]
[White "Park, Evan"]
[Black "Kulaots, Kaido"]
[Result "1/2-1/2"]
[WhiteTitle "IM"]
[BlackTitle "GM"]
[WhiteElo "2362"]
[BlackElo "2513"]
[WhiteFideId "30931142"]
[BlackFideId "4500261"]
[EventDate "2022.12.27"]

1. e4 c5 2. Nf3 d6 3. d4 cxd4 4. Nxd4 Nf6 5. Nc3 a6 6. Bg5 e6 7. f4 h6 8. Bh4
Nbd7 9. Qf3 e5 10. Bxf6 Nxf6 11. Nf5 Bxf5 12. exf5 e4 13. Qe3 Qa5 14. O-O-O Qxf5
15. Bc4 Rc8 16. Rd4 Be7 17. Nd5 Rxc4 18. Nxf6+ Bxf6 19. Rxc4 d5 20. g4 Qxg4 21.
Rc5 Qe6 22. Rd1 d4 23. f5 Qxf5 24. Rxf5 dxe3 25. Rg1 Kd7 26. Rg4 Re8 27. Kd1 Re6
28. Ke2 h5 29. Rxh5 Bxb2 30. Rf5 Bf6 31. Kxe3 Rc6 32. Rxe4 Rxc2 33. Rf2 Rc3+ 34.
Kf4 b5 35. Kg4 Kc6 36. h4 Rc1 37. Rg2 a5 38. Rf4 b4 39. Rd2 Rg1+ 40. Kh5 Rg6 41.
Rh2 Kb6 42. Rf5 Rg1 43. Rf3 a4 44. Re2 Rc1 45. Re4 Kb5 46. Rff4 Rb1 47. Rf5+ Kc6
48. Rff4 Kc5 49. Rf5+ Kd6 50. Rff4 b3 51. Rxa4 b2 52. Rab4 Bc3 53. Rb3 Rg1 54.
Rc4 g6+ 55. Kh6 Bd2+ 56. Kg7 b1=Q 57. Rxb1 Rxb1 58. Rd4+ Kc6 59. Rxd2 Rb4 60.
Kxf7 1/2-1/2

[Event "50th Rilton Cup 2022-23"]
[Site "Stockholm SWE"]
[Date "2023.01.04"]
[Round "8.14"]
[White "Nandhidhaa, P V"]
[Black "Seo, Jung Min"]
[Result "1/2-1/2"]
[WhiteTitle "WGM"]
[BlackTitle "IM"]
[WhiteElo "2358"]
[BlackElo "2502"]
[WhiteFideId "5050847"]
[BlackFideId "1734687"]
[EventDate "2022.12.27"]

1. d4 Nf6 2. Nf3 g6 3. Nc3 d5 4. Bf4 Bg7 5. Nb5 Na6 6. e3 c6 7. Nc3 Nb8 8. Be2
Bg4 9. h3 Bxf3 10. Bxf3 Nbd7 11. O-O O-O 12. Rb1 Re8 13. e4 dxe4 14. Nxe4 Nxe4
15. Bxe4 Nf6 16. Bf3 Qa5 17. a3 Rad8 18. Be5 Nd7 19. Bxg7 Kxg7 20. Qe1 Qb6 21.
Qc3 Nf6 22. Rbd1 Nd5 23. Bxd5 Rxd5 24. Rd3 Red8 25. Rfd1 e6 26. b3 Kg8 27. Qb2
Qc7 28. c4 R5d7 29. Qd2 b5 30. Qg5 a6 31. Qc5 Qd6 32. Qb6 bxc4 33. bxc4 c5 34.
Qxd6 Rxd6 35. d5 exd5 36. cxd5 c4 37. Rc3 Rxd5 38. Rxd5 Rxd5 39. Rxc4 Rd1+ 40.
Kh2 Rd5 41. Ra4 1/2-1/2

[Event "50th Rilton Cup 2022-23"]
[Site "Stockholm SWE"]
[Date "2023.01.04"]
[Round "8.15"]
[White "Wadsworth, Matthew J"]
[Black "Sokolovsky, Yahli"]
[Result "0-1"]
[WhiteTitle "IM"]
[BlackTitle "IM"]
[WhiteElo "2470"]
[BlackElo "2415"]
[WhiteFideId "415804"]
[BlackFideId "2820242"]
[EventDate "2022.12.27"]

1. c4 Nf6 2. Nf3 e6 3. g3 d5 4. Bg2 d4 5. O-O Nc6 6. d3 Bc5 7. Na3 O-O 8. Nc2 e5
9. b4 Nxb4 10. Nxb4 Bxb4 11. Nxe5 Re8 12. Nf3 a5 13. e4 dxe3 14. Bxe3 Bf5 15. d4
Qe7 16. c5 Be4 17. Qb3 Nd5 18. a3 a4 19. Qc4 Bc3 20. Rad1 c6 21. Bd2 Qf6 22.
Bxc3 Bxf3 23. Bxf3 Qxf3 24. Rd3 Qf5 25. Re1 Rxe1+ 26. Bxe1 Re8 27. Rd1 Qf3 28.
Qxa4 h5 29. h4 Re2 30. Qa8+ Kh7 31. Qxb7 Ne3 0-1

[Event "50th Rilton Cup 2022-23"]
[Site "Stockholm SWE"]
[Date "2023.01.04"]
[Round "8.16"]
[White "Kalogridis, Antonios"]
[Black "Gorshtein, Ido"]
[Result "0-1"]
[WhiteTitle "FM"]
[BlackTitle "IM"]
[WhiteElo "2293"]
[BlackElo "2469"]
[WhiteFideId "25833901"]
[BlackFideId "2815532"]
[EventDate "2022.12.27"]

1. d4 f5 2. Bg5 g6 3. Nc3 Bg7 4. Nf3 h6 5. Bf4 Nf6 6. h4 d6 7. Qd3 O-O 8. e4 Nc6
9. O-O-O Ng4 10. Qd2 fxe4 11. Nxe4 d5 12. Nc3 Nxf2 13. Bxc7 Qxc7 14. Qxf2 Qd6
15. Qe3 Bg4 16. Be2 e6 17. Nh2 Bxe2 18. Nxe2 e5 19. dxe5 Qxe5 20. Qxe5 Nxe5 21.
Nd4 Rf2 22. Rhg1 Rc8 23. b3 h5 24. Nf1 Ng4 25. Rd3 Bxd4 0-1

[Event "50th Rilton Cup 2022-23"]
[Site "Stockholm SWE"]
[Date "2023.01.04"]
[Round "8.17"]
[White "Dann, Matthias"]
[Black "Rakesh, Kumar Jena"]
[Result "1-0"]
[WhiteTitle "IM"]
[BlackTitle "IM"]
[WhiteElo "2465"]
[BlackElo "2303"]
[WhiteFideId "24638056"]
[BlackFideId "5084822"]
[EventDate "2022.12.27"]

1. e4 c5 2. Nf3 d6 3. d4 cxd4 4. Nxd4 Nf6 5. Nc3 g6 6. Be3 Bg7 7. f3 Nc6 8. Qd2
O-O 9. Nb3 Be6 10. O-O-O a5 11. a4 Nb4 12. Nd4 Rc8 13. Kb1 Bc4 14. Bxc4 Rxc4 15.
b3 Rc8 16. Ndb5 Qd7 17. Bb6 Ra8 18. e5 Ne8 19. Rhe1 Qc6 20. Bd4 dxe5 21. Bxe5
Nf6 22. Re2 h5 23. h3 Kh7 24. Qd4 Qc8 25. f4 Nc6 26. Qe3 Nxe5 27. fxe5 Nd7 28.
e6 fxe6 29. Ne4 Rf5 30. Ng5+ Kh8 31. g4 Rxb5 32. axb5 a4 33. Nxe6 axb3 34. Nxg7
Nf6 35. Ne6 1-0

[Event "50th Rilton Cup 2022-23"]
[Site "Stockholm SWE"]
[Date "2023.01.04"]
[Round "8.18"]
[White "Sidhant, Mohapatra"]
[Black "Pantzar, Milton"]
[Result "1-0"]
[WhiteTitle "IM"]
[BlackTitle "IM"]
[WhiteElo "2337"]
[BlackElo "2465"]
[WhiteFideId "5028698"]
[BlackFideId "1721003"]
[EventDate "2022.12.27"]

1. e4 e5 2. Nf3 d6 3. d4 exd4 4. Nxd4 Nf6 5. Nc3 Be7 6. g3 O-O 7. Bg2 Re8 8. O-O
Bf8 9. h3 c6 10. a4 a5 11. Re1 Na6 12. g4 h6 13. Nde2 Nb4 14. Ng3 d5 15. e5 Nh7
16. Nb1 f6 17. c3 Na6 18. exf6 Rxe1+ 19. Qxe1 Qxf6 20. Be3 Bd7 21. Nd2 Re8 22.
Qd1 Bc5 23. Nde4 dxe4 24. Qxd7 Re7 25. Qd8+ Qf8 26. Qxf8+ Kxf8 27. Nxe4 Bxe3 28.
fxe3 Rd7 29. Kf2 Ke7 30. Ke2 Rd8 31. Rf1 Rf8 32. Rb1 Nf6 33. Nxf6 Rxf6 34. b4
Kd6 35. Be4 Rf8 36. Bd3 axb4 37. Bxa6 bxa6 38. Rxb4 g5 39. Rb6 Ra8 40. a5 Kc5
41. e4 h5 42. gxh5 Rh8 43. Kf3 Rxh5 44. Kg4 Rh4+ 45. Kxg5 Rxh3 46. Rxa6 Rxc3 47.
Ra8 Re3 48. Kf5 Kb5 49. a6 c5 50. a7 Kb6 51. Rc8 Kxa7 52. Rxc5 Kb6 53. Rc1 Rf3+
54. Ke6 Rf2 55. e5 Re2 56. Kd6 Rd2+ 57. Ke7 Re2 58. e6 Rd2 59. Kf7 Rf2+ 60. Ke8
Re2 61. e7 Rf2 62. Rc4 Kb5 63. Rc8 1-0

[Event "50th Rilton Cup 2022-23"]
[Site "Stockholm SWE"]
[Date "2023.01.04"]
[Round "8.19"]
[White "Sorensen, Hampus"]
[Black "Lindberg, Bengt"]
[Result "1/2-1/2"]
[WhiteTitle "IM"]
[BlackTitle "IM"]
[WhiteElo "2442"]
[BlackElo "2349"]
[WhiteFideId "8703884"]
[BlackFideId "1700359"]
[EventDate "2022.12.27"]

1. d4 Nf6 2. c4 e6 3. Nc3 Bb4 4. Qc2 Nc6 5. Nf3 d6 6. a3 Bxc3+ 7. Qxc3 O-O 8.
Bg5 Qe7 9. e3 h6 10. Bh4 e5 11. d5 Nb8 12. Nd2 Bf5 13. e4 Bh7 14. f3 Nbd7 15.
Be2 Rfc8 16. Qb3 a5 17. O-O Nc5 18. Qd1 a4 19. b4 axb3 20. Nxb3 Nxb3 21. Qxb3 b6
22. a4 Ra7 23. Ra3 Rca8 24. Rfa1 g5 25. Be1 Nd7 26. a5 f5 27. axb6 Rxa3 28. Rxa3
Rxa3 29. Qxa3 Nxb6 30. exf5 Bxf5 31. Qe3 Nd7 32. h4 Nf8 33. Bd2 Nh7 34. Ba5 Kf8
35. Qa7 e4 36. Qb8+ Kf7 37. fxe4 Bxe4 38. Bxc7 Bg6 39. Kf1 Qf6+ 40. Kg1 Qd4+ 41.
Kf1 1/2-1/2

[Event "50th Rilton Cup 2022-23"]
[Site "Stockholm SWE"]
[Date "2023.01.04"]
[Round "8.21"]
[White "Bai, Adelard"]
[Black "Sardana, Rishi"]
[Result "1/2-1/2"]
[WhiteTitle "FM"]
[BlackTitle "IM"]
[WhiteElo "2411"]
[BlackElo "2460"]
[WhiteFideId "16301188"]
[BlackFideId "25004301"]
[EventDate "2022.12.27"]

1. d4 Nf6 2. c4 e6 3. Nf3 d5 4. g3 Bb4+ 5. Bd2 Be7 6. Bg2 O-O 7. O-O c6 8. Qc2
Nbd7 9. Bf4 b6 10. Nbd2 Nh5 11. e3 Bb7 12. cxd5 Nxf4 13. gxf4 cxd5 14. Rfc1 Bd6
15. Bf1 a6 16. Bd3 g6 17. Kh1 Qe7 18. Rg1 Rac8 19. Qd1 Nf6 20. Qe2 Bb4 21. Ne5
Rc7 22. Ndf3 Ne4 23. a3 Bd6 24. Nd2 Qh4 25. Bxe4 dxe4 26. Rg4 Qh5 27. Rag1 Bxe5
28. Rxg6+ Qxg6 29. Rxg6+ hxg6 30. fxe5 Rc2 31. h4 Kg7 32. Kg2 Rxb2 33. h5 Bd5
34. Qg4 Rh8 35. hxg6 fxg6 36. Nxe4 Rf8 37. Kg3 Rb1 38. Kg2 Rc8 39. Qh4 Rf8 1/2-1/2

[Event "50th Rilton Cup 2022-23"]
[Site "Stockholm SWE"]
[Date "2023.01.04"]
[Round "8.22"]
[White "Ram, Aravind L N"]
[Black "Miezis, Normunds"]
[Result "1-0"]
[WhiteTitle "FM"]
[BlackTitle "GM"]
[WhiteElo "2272"]
[BlackElo "2441"]
[WhiteFideId "25033760"]
[BlackFideId "11600136"]
[EventDate "2022.12.27"]

1. d4 Nf6 2. Nc3 d5 3. Bf4 e6 4. e3 a6 5. g4 h6 6. h4 c5 7. Qf3 Bd7 8. O-O-O Bc6
9. g5 Ne4 10. Nxe4 dxe4 11. Qg3 hxg5 12. Bc7 Qc8 13. d5 gxh4 14. Rxh4 Rxh4 15.
dxe6 Rh6 16. exf7+ Ke7 17. Qg5+ Rf6 18. Bd6+ Kd8 19. Bxf8+ Kc7 20. Qe5+ 1-0

[Event "50th Rilton Cup 2022-23"]
[Site "Stockholm SWE"]
[Date "2023.01.04"]
[Round "8.23"]
[White "Kilgus, Georg"]
[Black "Koelle, Tobias"]
[Result "1-0"]
[WhiteTitle "IM"]
[BlackTitle "FM"]
[WhiteElo "2389"]
[BlackElo "2439"]
[WhiteFideId "1606212"]
[BlackFideId "16207378"]
[EventDate "2022.12.27"]

1. Nf3 d5 2. g3 Bg4 3. Bg2 e6 4. h3 Bh5 5. c4 c6 6. O-O Nf6 7. Qb3 Qb6 8. d3 Be7
9. Be3 Qxb3 10. axb3 Bxf3 11. Bxf3 Na6 12. Bd4 O-O 13. Bc3 Rfd8 14. d4 Nb4 15.
Nd2 a5 16. e3 h6 17. Rfc1 b6 18. Kf1 Rac8 19. Ke2 Nd7 20. h4 g6 21. Bg2 h5 22.
Nf3 Nf6 23. Ne5 Nd7 24. Nf3 Nf6 25. Bh3 Nd7 26. Ng5 Nf8 27. g4 f6 28. Nxe6 Nxe6
29. gxh5 f5 30. Rg1 Kf7 31. Rxg6 Nf8 32. Bxb4 axb4 33. Bxf5 Rc7 34. Rg4 c5 35.
Bd3 cxd4 36. Rxd4 dxc4 37. Bxc4+ Kg7 38. Rf4 Kh6 39. Ra6 Rd6 40. Rf7 Rcd7 41.
Ra8 Rd2+ 42. Kf3 b5 43. Be6 Bxh4 44. Rfxf8 Rxf2+ 45. Kg4 Rxf8 46. Rxf8 Rd6 47.
Rh8+ Kg7 48. Rg8+ Kh7 49. Rg6 Be7 50. Bf5 Rxg6+ 51. Bxg6+ Kg7 52. Kf5 Bf6 53. e4
Bxb2 54. e5 Bc1 55. Be8 Bd2 56. Bxb5 Bc1 57. e6 Kf8 58. Kg6 Ke7 59. h6 Bb2 60.
Kh7 Bc1 61. Kg7 1-0

[Event "50th Rilton Cup 2022-23"]
[Site "Stockholm SWE"]
[Date "2023.01.04"]
[Round "8.24"]
[White "Eggleston, David J"]
[Black "Milikow, Elie"]
[Result "0-1"]
[WhiteTitle "IM"]
[BlackTitle "FM"]
[WhiteElo "2359"]
[BlackElo "2427"]
[WhiteFideId "412120"]
[BlackFideId "371281868"]
[EventDate "2022.12.27"]

1. e4 c5 2. Nf3 e6 3. d4 cxd4 4. Nxd4 a6 5. Nc3 b5 6. Bd3 Bb7 7. O-O Nc6 8. Nxc6
Bxc6 9. Re1 Ne7 10. Qd2 b4 11. Nd1 Ng6 12. Ne3 Bc5 13. a3 a5 14. axb4 axb4 15.
Rxa8 Qxa8 16. Nc4 O-O 17. Qg5 d5 18. exd5 Bxd5 19. b3 f5 20. Bb2 Qb7 21. Qg3 Be7
22. Ra1 Rd8 23. Bf1 Be4 24. Qe3 Qd5 25. Ra5 Qc6 26. Ra7 Rd1 27. Ra1 Rxa1 28.
Bxa1 Bxc2 29. Ne5 Nxe5 30. Qxe5 Bf8 31. Bb5 Qc8 32. Qb2 Be4 33. Bc4 Kf7 34. h3
Qc6 35. Bf1 Qd5 36. Qa2 Qd1 37. Qa7+ Kg8 38. Qa6 Bd5 39. Be5 Bxb3 40. Bg3 h6 41.
Qc8 Kf7 42. Qc7+ Be7 43. Be5 Ba4 44. Qb7 Qd7 45. Qa6 Bc6 46. Bc4 Qb7 47. Qa1
Bxg2 48. Bxg7 Bxh3 0-1

[Event "50th Rilton Cup 2022-23"]
[Site "Stockholm SWE"]
[Date "2023.01.04"]
[Round "8.25"]
[White "Richter, Nils"]
[Black "Thorn, Eric"]
[Result "1-0"]
[WhiteTitle "FM"]
[BlackTitle "FM"]
[WhiteElo "2416"]
[BlackElo "2397"]
[WhiteFideId "12990809"]
[BlackFideId "1710729"]
[EventDate "2022.12.27"]

1. c4 e6 2. Nc3 d5 3. d4 Nf6 4. cxd5 exd5 5. Bg5 c6 6. e3 Bd6 7. Bd3 O-O 8. Nge2
Re8 9. Qc2 h6 10. Bf4 Bxf4 11. Nxf4 c5 12. dxc5 d4 13. Nb5 Qa5+ 14. Qd2 Qxd2+
15. Kxd2 dxe3+ 16. fxe3 Na6 17. Nd6 Rd8 18. Bxa6 Ne4+ 19. Ke2 Nxd6 20. Bd3 Ne8
21. Be4 g5 22. Nh5 Bg4+ 23. Bf3 Bxh5 24. Bxh5 Nf6 25. Bf3 Rac8 26. Rac1 Rc7 27.
Rhd1 Rdc8 28. b4 a5 29. Rd6 Ne8 30. Rb6 axb4 31. Rxb4 Nf6 32. Bxb7 Rxc5 33. Rxc5
Rxc5 34. a4 Rc3 35. a5 Ra3 36. a6 Nd7 37. Rd4 Nc5 38. Rd6 Kg7 39. Rc6 Ra5 40.
Rxc5 1-0

[Event "50th Rilton Cup 2022-23"]
[Site "Stockholm SWE"]
[Date "2023.01.04"]
[Round "8.26"]
[White "Ilamparthi, A R"]
[Black "Percivaldi, Martin"]
[Result "1-0"]
[BlackTitle "IM"]
[WhiteElo "2336"]
[BlackElo "2412"]
[WhiteFideId "45015775"]
[BlackFideId "1508148"]
[EventDate "2022.12.27"]

1. Nf3 d5 2. g3 c6 3. Bg2 Bg4 4. O-O Nd7 5. d3 e6 6. Nbd2 Bd6 7. e4 Ne7 8. h3
Bh5 9. Qe1 O-O 10. Nh4 Ng6 11. Nxg6 Bxg6 12. f4 f6 13. Nf3 Bf7 14. Be3 Qc7 15.
Rd1 Rfe8 16. Qf2 b6 17. Nd4 Bf8 18. f5 Nc5 19. fxe6 Nxe6 20. Nxc6 Bd6 21. exd5
Bxg3 22. Qd2 Bh2+ 23. Kh1 Nc5 24. Bf4 Bxf4 25. Qxf4 Qd7 26. c4 Re2 27. b4 Nb7
28. Rde1 Rae8 29. Rxe2 Rxe2 30. Qb8+ Be8 31. Nd4 Re3 32. Nf5 Re5 33. d4 Rxf5 34.
Rxf5 Nd6 35. Rf1 Nxc4 36. Re1 Kf8 37. Re6 Na3 38. Rd6 Qe7 39. Re6 Qd7 40. Rd6
Qe7 41. Rd8 Qe3 42. Qd6+ Qe7 43. Qxe7+ Kxe7 44. Ra8 Bd7 45. Rxa7 Nc2 46. a4 Nxb4
47. Rb7 Na2 48. Rxb6 Bxa4 49. d6+ Ke6 50. d5+ Kd7 51. h4 f5 52. Rb7+ Kxd6 53.
Rxg7 h5 54. Rg5 Bd1 55. Rxf5 Nc3 56. Rf6+ Ke7 57. Re6+ Kf7 58. Re1 Bg4 59. Kh2
Nb5 60. Bh3 1-0

[Event "50th Rilton Cup 2022-23"]
[Site "Stockholm SWE"]
[Date "2023.01.04"]
[Round "8.27"]
[White "Alonso Garcia, Aaron"]
[Black "Loay, Sameer"]
[Result "1-0"]
[WhiteTitle "IM"]
[BlackTitle "IM"]
[WhiteElo "2439"]
[BlackElo "2153"]
[WhiteFideId "24521060"]
[BlackFideId "8104239"]
[EventDate "2022.12.27"]

1. e4 c5 2. Nf3 Nc6 3. d4 cxd4 4. Nxd4 Nf6 5. Nc3 e5 6. Ndb5 d6 7. Nd5 Nxd5 8.
exd5 Nb8 9. a4 Be7 10. Be2 O-O 11. O-O f5 12. f4 a6 13. Na3 Nd7 14. Nc4 Bf6 15.
Kh1 Nc5 16. a5 Qc7 17. Ra3 Bd7 18. fxe5 dxe5 19. Nb6 Rad8 20. b4 Ne4 21. c4 Be8
22. Rxf5 Bg6 23. Rf1 Bh4 24. Rxf8+ Rxf8 25. Be3 Qe7 26. d6 Qxd6 27. Qxd6 Nxd6
28. g3 Be4+ 29. Kg1 Bf6 30. Nd7 Rd8 31. Nc5 Bc6 32. g4 Bh4 33. Ra1 Kf7 34. Rb1
Be4 35. Nxe4 Nxe4 36. Bf3 Nc3 37. Rf1 Kg6 38. Bxb7 Rd3 39. Bf2 Ne2+ 40. Kh1 Kg5
41. Bxh4+ Kxh4 42. b5 Ra3 43. b6 Nf4 44. Be4 Ra2 45. b7 Kh3 46. Rf3+ Kxg4 47.
Rg3+ Kh4 1-0